[Event "UAE President Cup"]
[Site "Abu Dhabi"]
[Date "2012.07.01"]
[Round "5"]
[White "Humaid, Abdulla Ali"]
[Black "Mahmoud, Ahmed"]
[Result "1/2-1/2"]
[WhiteElo "1666"]
[BlackElo "1620"]
[PlyCount "65"]
[EventDate "2012.06.28"]
[EventType "swiss"]
[EventRounds "9"]
[EventCountry "UAE"]
[SourceTitle "CBM 149 Extra"]
[Source "ChessBase"]
[SourceDate "2012.08.24"]
[SourceVersion "1"]
[SourceVersionDate "2012.08.24"]
[SourceQuality "1"]

1. Nf3 Nf6 2. c4 g6 3. b3 Bg7 4. Bb2 0-0 5. g3 d6 6. d4 Nbd7 7. Bg2 c6 8. 0-0 Qc7 9. Nc3 e5 10. d5 Re8 11. Nd2 Nb6 12. Nde4 Nxe4 13. Nxe4 f5 14. Nd2 c5 15. e4 f4 16. gxf4 exf4 17. Bxg7 Kxg7 18. Qf3 Qf7 19. Qc3+ Kg8 20. Nf3 Qg7 21. Qxg7+ Kxg7 22. Rae1 Nd7 23. Bh3 Ne5 24. Bg2 Bg4 25. Nxe5 Rxe5 26. f3 Bd7 27. Kf2 a5 28. a4 Kf6 29. h4 g5 30. hxg5+ Rxg5 31. Rh1 Rh8 32. Bh3 Bxh3 33. Rxh3 1/2-1/2

[Event "UAE President Cup"]
[Site "Abu Dhabi"]
[Date "2012.06.30"]
[Round "3"]
[White "Mahmoud, Ahmed"]
[Black "Saeed, Ishaq"]
[Result "0-1"]
[WhiteElo "1620"]
[BlackElo "2240"]
[PlyCount "56"]
[EventDate "2012.06.28"]
[EventType "swiss"]
[EventRounds "9"]
[EventCountry "UAE"]
[SourceTitle "CBM 149 Extra"]
[Source "ChessBase"]
[SourceDate "2012.08.24"]
[SourceVersion "1"]
[SourceVersionDate "2012.08.24"]
[SourceQuality "1"]

1. e4 c6 2. d4 d5 3. Nc3 dxe4 4. Nxe4 Bf5 5. Ng3 Bg6 6. h4 h6 7. Nf3 e6 8. Ne5 Bh7 9. f4 Nd7 10. c3 Ngf6 11. Bd3 Bxd3 12. Qxd3 Be7 13. h5 c5 14. Qe2 cxd4 15. cxd4 Qa5+ 16. Bd2 Qd5 17. Qf3 Qxd4 18. Bc3 Bb4 19. Rd1 Nxe5 20. Rxd4 Nxf3+ 21. gxf3 Bxc3+ 22. bxc3 Rc8 23. Kd2 Ke7 24. Re1 Rc5 25. Re5 Rhc8 26. Rd3 Rd5 27. Rexd5 Nxd5 28. f5 Rc5 0-1

[Event "UAE-ch"]
[Site "Abu Dhabi"]
[Date "2011.06.28"]
[Round "4"]
[White "Mahmoud, Ahmed"]
[Black "Abdulla, Ali Al Hamed"]
[Result "1-0"]
[WhiteElo "1576"]
[BlackElo "1669"]
[PlyCount "25"]
[EventDate "2011.06.25"]
[EventType "swiss"]
[EventRounds "9"]
[EventCountry "UAE"]
[SourceTitle "CBM 143 Extra"]
[Source "ChessBase"]
[SourceDate "2011.08.29"]
[SourceVersion "1"]
[SourceVersionDate "2011.08.29"]
[SourceQuality "1"]

1. e4 d5 2. exd5 Qxd5 3. Nc3 Qa5 4. d4 Nf6 5. Nf3 Nc6 6. Bc4 Bg4 7. 0-0 0-0-0 8. Be3 Bxf3 9. Qxf3 Nxd4 10. Bxd4 Rxd4 11. Bxf7 e5 12. Rfd1 Bc5 13. a3 1-0

[Event "UAE-ch"]
[Site "Abu Dhabi"]
[Date "2011.06.25"]
[Round "1"]
[White "Khouri, Ahmed Abbas"]
[Black "Mahmoud, Ahmed"]
[Result "1-0"]
[WhiteElo "2030"]
[BlackElo "1576"]
[PlyCount "73"]
[EventDate "2011.06.25"]
[EventType "swiss"]
[EventRounds "9"]
[EventCountry "UAE"]
[SourceTitle "CBM 143 Extra"]
[Source "ChessBase"]
[SourceDate "2011.08.29"]
[SourceVersion "1"]
[SourceVersionDate "2011.08.29"]
[SourceQuality "1"]

1. e4 e5 2. Nf3 Nc6 3. Bb5 a6 4. Ba4 Nf6 5. d3 b5 6. Bb3 Be7 7. c3 0-0 8. Nbd2 d6 9. 0-0 Re8 10. Re1 Bf8 11. Nf1 Ne7 12. Ng3 Ng6 13. a4 Rb8 14. h3 d5 15. axb5 axb5 16. Bg5 dxe4 17. dxe4 Qxd1 18. Rexd1 Be7 19. Ra7 c5 20. Bxf6 gxf6 21. Bd5 Rb6 22. Rc7 Kf8 23. Bc6 Rxc6 24. Rxc6 Nf4 25. Rb6 b4 26. cxb4 cxb4 27. Nf5 Bxf5 28. exf5 Ne2+ 29. Kf1 Nd4 30. Nxd4 exd4 31. Rc6 Rd8 32. Ke2 Rd5 33. g4 Ke8 34. Kd3 h5 35. f4 hxg4 36. hxg4 Bd6 37. Ke4 1-0